000 00277nam a22001217a 4500
008 181218b xxu||||| |||| 00| 0 eng d
041 _aeng
080 _25th
_a820
100 _a21
101 _aGJL
245 _aInterpreting Literature
_cKnickerbrocker,K.L
942 _2udc
_cBK
999 _c53479
_d53479